000 00420 a2200145 4500
999 _c6099
_d6099
020 _a9780620525244
050 _aPL8547 TSH 2010
100 _aTshikota, S.L.
245 _aThalusamaipfi ya Luamboluthihi ya Tshivenda /
_cS.L. Tshikota
264 _aThohoyandou :
_bTshivenda National Lexicography Unit,
_c2010.
300 _a146p. :
500 _aIn Venda
650 _aVenda
_xLanguages
942 _2lcc
_cBK
_h8547
_iTSH
_kPL